| 000 | 00882nam a22002892 4500 | ||
|---|---|---|---|
| 001 | 33012 | ||
| 003 | UkOxU | ||
| 005 | 20211209051931.0 | ||
| 008 | 140429s1957 pk 000 0 eng c | ||
| 035 | _aOCLC ocm01132935 from D970219M | ||
| 040 |
_aIYU _cIYU _dEQO _beng |
||
| 041 | _aeng | ||
| 082 |
_a 297.822 _bVAF 1957 |
||
| 100 | 1 |
_aVatikiotis, P. J. _q(Panayiotis J.), _d1928- _985081 |
|
| 245 | 1 | 4 |
_aThe Fatimid theory of state / _cby Panayiotis J. Vatikiotis. Foreword by Majid Khadduri. |
| 250 | _a1st ed. | ||
| 260 |
_aLahore : _bOrientalia Publishers, _c1957 |
||
| 300 |
_axi, 223 p. : _c21 cm. |
||
| 502 | _aThesis--Johns Hopkins University. | ||
| 504 | _aBibliography: p. [211]-219. | ||
| 650 | 0 |
_aFatimites. _983077 |
|
| 650 | 0 |
_aIsmailites. _9100330 |
|
| 650 | 0 |
_aIslam and state _zEgypt. _9100331 |
|
| 942 |
_2ddc _cBK |
||
| 999 |
_c33012 _d33012 |
||